LEADER 01149nam a2200277 i 4500 001 000000160239 003 CaOOAMICUS 005 20181122111703.0 008 070315s1980 it u000 u ita u 013 $a137602 040 $aSeMil$bita 100 1 $aLami, Lucio.$0(OLS)http://semarc/name/42172 245 13$aIl grido delle formiche :$ble incognite dell'URSS. Incontri con 22 protagonisti del dissenso sovietico /$cLucio Lami. 260 $aMilano :$bRusconi,$c1980. 300 $a294 p. ;$c21 cm. 490 0 $aPamphlet [Rusconi] 500 $aFondo Card. Giovanni Colombo. 650 4$aDissenso politico - Unione Sovietica.$0(OLS)http://semarc/subject/17344 830 0$aPamphlet.$0(OLS)http://semarc/title/420054 850 $aSeMil 852 $aSeMil$W1$xVenegono$y1$m1E II 53$j111715$B111715$CSeMilBibl$Z2$F121672 $81 941 1 $a3 961 $aLascito: Colombo Card. Giovanni 996 $6245$aIl grido delle formiche :$ble incognite dell'URSS. Incontri con 22 protagonisti del dissenso sovietico$9(OLS)http://semarc/title/142736 996 $6260$aMilano :$bRusconi$9(OLS)http://semarc/publisher/30258 LEADER 01125nam a2200289 i 4500 001 000000046647 003 CaOOAMICUS 005 20031217000000.0 008 031217s1991 it u000 u ita u 013 $a17817 020 $a88-18-06071-6 040 $aSeMil$bita 100 1 $aCrovi, Raffaele,$d<1934-2007>.$0(OLS)http://semarc/name/17380 245 13$aLe parole del padre :$buna storia /$cRaffaele Crovi. 250 $a2. ed. 260 $aMilano :$bRusconi,$c1991. 300 $a224 p. ;$c22 cm. 490 0 $aNarrativa Rusconi 500 $aContiene : Esemplare n. 52 di 300 copie ad personam stampato per Carlo Maria Martini. - Fondo Card. C.M. Martini. 830 0$aNarrativa Rusconi.$0(OLS)http://semarc/title/7305 850 $aSeMil 852 $aSeMil$W1$xVenegono$y1$m1O IV 9$j12802$B12802$CSeMilBibl$Z2$F12802 $81 941 1 $a4 961 $aOmaggio: Martini Card. Carlo Maria 996 $6020$a88-18-06071-6$9(OLS)http://semarc/number/19183 996 $6245$aLe parole del padre :$buna storia$9(OLS)http://semarc/title/69836 996 $6260$aMilano :$bRusconi$9(OLS)http://semarc/publisher/30258